<?xml version="1.0" encoding="UTF-8"?>
<record
    xmlns:xsi="http://www.w3.org/2001/XMLSchema-instance"
    xsi:schemaLocation="http://www.loc.gov/MARC21/slim http://www.loc.gov/standards/marcxml/schema/MARC21slim.xsd"
    xmlns="http://www.loc.gov/MARC21/slim">

  <leader>007140000a22001930004500</leader>
  <controlfield tag="003">LK-CoMWRAF</controlfield>
  <controlfield tag="005">20240605134839.0</controlfield>
  <controlfield tag="008">230817t1998       ||||| |||| 00| 0 eng d</controlfield>
  <datafield tag="040" ind1=" " ind2=" ">
    <subfield code="a">LK-CoMWRAF</subfield>
    <subfield code="d">LK-CoMWRAF</subfield>
    <subfield code="e">LK-CoMWRAF</subfield>
  </datafield>
  <datafield tag="041" ind1=" " ind2=" ">
    <subfield code="a">eng</subfield>
  </datafield>
  <datafield tag="082" ind1=" " ind2=" ">
    <subfield code="a">297.122</subfield>
    <subfield code="b">KAR</subfield>
  </datafield>
  <datafield tag="100" ind1=" " ind2=" ">
    <subfield code="a">&#xB95;&#xBB0;&#xBCD;&#xBB3;&#xBB5;&#xBBF;, &#xBAF;&#xBC2;&#xB9A;&#xBC1;&#xBAA;&#xBCD; &#xB85;&#xBB2;&#xBCD;</subfield>
    <subfield code="v">Karlavi, Yoosuf Al</subfield>
  </datafield>
  <datafield tag="245" ind1=" " ind2=" ">
    <subfield code="a">&#xBA4;&#xBCC;&#xBB9;&#xBC0;&#xBA4;&#xBBF;&#xBA9;&#xBCD; &#xBAF;&#xBA4;&#xBBE;&#xBB0;&#xBCD;&#xBA4;&#xBCD;&#xBA4; &#xBA8;&#xBBF;&#xBB2;&#xBC8;:</subfield>
    <subfield code="b">&#xBA4;&#xBCC;&#xBB9;&#xBC0;&#xBA4;&#xBCD; &#xB87;&#xBB1;&#xBC8; &#xBA8;&#xBAE;&#xBCD;&#xBAA;&#xBBF;&#xB95;&#xBCD;&#xB95;&#xBC8;&#xBAF;&#xBBF;&#xBA9;&#xBCD; &#xB85;&#xB9F;&#xBBF;&#xBAA;&#xBCD;&#xBAA;&#xB9F;&#xBC8;</subfield>
  </datafield>
  <datafield tag="246" ind1=" " ind2=" ">
    <subfield code="a">Thowheethin yathartha nilai: Thowheeth irai nambikaiyin adipadai</subfield>
  </datafield>
  <datafield tag="260" ind1=" " ind2=" ">
    <subfield code="a">Colombo:</subfield>
    <subfield code="b">Meelparvai,</subfield>
    <subfield code="c">1998</subfield>
  </datafield>
  <datafield tag="300" ind1=" " ind2=" ">
    <subfield code="a">64 p.</subfield>
  </datafield>
  <datafield tag="650" ind1=" " ind2=" ">
    <subfield code="a">TAWHEED-Islam</subfield>
  </datafield>
  <datafield tag="942" ind1=" " ind2=" ">
    <subfield code="c">BK</subfield>
  </datafield>
  <datafield tag="952" ind1=" " ind2=" ">
    <subfield code="0">0</subfield>
    <subfield code="1">0</subfield>
    <subfield code="4">0</subfield>
    <subfield code="7">0</subfield>
    <subfield code="a">MAIN</subfield>
    <subfield code="b">MAIN</subfield>
    <subfield code="d">2023-08-17</subfield>
    <subfield code="l">0</subfield>
    <subfield code="o">297.122 KAR</subfield>
    <subfield code="p">RAF5208</subfield>
    <subfield code="r">2023-08-17</subfield>
    <subfield code="w">2023-08-17</subfield>
    <subfield code="y">BK</subfield>
  </datafield>
  <datafield tag="999" ind1=" " ind2=" ">
    <subfield code="c">2860</subfield>
    <subfield code="d">2860</subfield>
  </datafield>
</record>
